| 000 | 00535nam a2200193Ia 4500 | ||
|---|---|---|---|
| 003 | GCL | ||
| 008 | 140319s9999 xx 000 0 ara d | ||
| 040 |
_aGCL / _cGCL |
||
| 082 | 0 | 4 |
_aط _b813.088 _bا ا |
| 100 | 1 | _aاحمد بهجت | |
| 245 | 1 | 0 |
_aفيل ابرهة / _cاحمد بهجت |
| 700 | 1 | _aحلمى التونى | |
| 260 |
_a[S.N] : _bدار الشروق |
||
| 490 |
_aاحسن القصص _v0 |
||
| 650 | 0 | 4 | _aالاطفال |
| 650 | 0 | 4 | _aقصص الاطفال |
| 650 | 0 | 4 | _aالقصص الدينية |
| 942 |
_2ddc _cBK |
||
| 999 |
_c57708 _d57708 |
||